[Event "AUTO-ADV-4915"]
[Site "http://www.queenalice.com/game.php?id=1868457"]
[Date "2026.1.26"]
[Round "1"]
[White "Kn1ght1962"]
[Black "SGF"]
[Result "0-1"]
[WhiteElo "1653"]
[BlackElo "1665"]

1. e4 e5 2. Nf3 Qf6 3. d3 d6 4. h3 Be7 5. a3 Qg6 6. Be3 h5 7. Nc3 c6 8. h4 Bg4
9. Be2 b5 10. Qd2 Bxf3 11. Bxf3 a5 12. d4 Nf6 13. d5 a4 14. dxc6 Nxc6 15. Nxb5
Bd8 16. Nxd6+ Ke7 17. Nf5+ Ke8 18. Rd1 Bc7 19. Qc3 Ba5 20. b4 axb3 21. Nd6+ Kf8
22. Qxa5 Nxa5 23. Nf5 bxc2 24. Rc1 Rc8 25. O-O Nb3 26. Rce1 Nd7 27. a4 Ndc5 28.
Bg5 Nd3 29. Be7+ Kg8 30. Ba3 Nxe1 31. Ne7+ Kh7 32. Nxg6 Nxf3+ 33. gxf3 Kxg6 34.
Re1 c1=R 35. Bxc1 Nxc1 36. a5 Rc7 37. a6 Ra8 38. Kg2 Rxa6 39. f4 exf4 40. e5 Ra2
41. e6 Re7 42. Kh3 Rxe6 43. f3 Ra3 44. Rxc1 Rxf3+ 45. Kg2 Rg3+ 46. Kh2 Re2+ 47.
Kh1 f3 48. Rc6+ f6 49. Rxf6+ Kh7 50. Rh6+ Kg8 51. Rh8+ Kf7 52. Rf8+ Ke6 53. Rf6+
Ke5 54. Rf5+ Ke4 55. Re5+ Kf4 56. Rf5+ Kg4 57. Rg5+ Kh3 58. Rxg3+ Kxg3 59. Kg1
Re1# 0-1

[Event "AUTO-ADV-4915"]
[Site "http://www.queenalice.com/game.php?id=1868468"]
[Date "2026.1.26"]
[Round "1"]
[White "maurice916"]
[Black "Kn1ght1962"]
[Result "0-1"]
[WhiteElo "1819"]
[BlackElo "1656"]

1. Nf3 d5 2. b3 e6 3. Bb2 f6 4. e3 a6 5. c4 dxc4 6. Bxc4 Nc6 7. O-O Bc5 8. d4
Bb6 9. Nbd2 Bd7 10. Re1 Nge7 11. Ne4 Nf5 12. Ng3 Nxg3 13. hxg3 Qe7 14. e4 O-O-O
15. Qe2 h5 16. a4 e5 17. dxe5 fxe5 18. Rad1 Bg4 19. Qc2 Bxf3 20. gxf3 h4 21. g4
h3 22. Kh2 Qh4 23. Be6+ Kb8 24. Rxd8+ Rxd8 25. Rf1 Bd4 26. Bd5 Nb4 27. Qe2 Nxd5
28. exd5 Rxd5 29. Bxd4 exd4 30. Qe4 Qd8 31. f4 Qd6 32. Re1 g5 33. Qe6 Qxf4+ 34.
Kh1 Qf3+ 35. Kh2 Qg2# 0-1

[Event "AUTO-ADV-4915"]
[Site "http://www.queenalice.com/game.php?id=1868469"]
[Date "2026.1.26"]
[Round "1"]
[White "Kn1ght1962"]
[Black "maurice916"]
[Result "0-1"]
[WhiteElo "1666"]
[BlackElo "1810"]

1. e4 c6 2. h3 d5 3. exd5 cxd5 4. d4 Nf6 5. f3 Nc6 6. c3 e5 7. dxe5 Nxe5 8. Be3
Be7 9. a3 Be6 10. Nd2 O-O 11. Bd4 Nc4 12. Nxc4 dxc4 13. Qc2 b6 14. Ne2 Nd5 15.
Ng3 Bf6 16. Bxc4 Rc8 17. Bd3 g6 18. O-O-O Bxd4 19. Ne4 Bf5 20. g4 Bxe4 21. fxe4
Ne3 22. Qa4 Nxd1 23. Rxd1 Bxc3 24. Bc4 Qg5+ 25. Kb1 Bg7 26. Qxa7 Rxc4 27. Qxb6
Rxe4 28. a4 Rxa4 29. Rc1 Rfa8 30. Qb3 Ra1+ 31. Kc2 Qxc1+ 32. Kd3 Rd8+ 33. Ke4
Qxb2 0-1

[Event "AUTO-INT-3961"]
[Site "http://www.queenalice.com/game.php?id=1869693"]
[Date "2026.2.24"]
[Round "1"]
[White "kuntakinte"]
[Black "Kn1ght1962"]
[Result "1-0"]
[WhiteElo "1731"]
[BlackElo "1666"]

1. e4 e5 2. Nf3 d6 3. Bc4 Qf6 4. d3 h6 5. O-O a6 6. a3 Ne7 7. Nc3 Ng6 8. Be3 Bd7
9. d4 exd4 10. Bxd4 Qf4 11. Nd5 Qg4 12. Nxc7+ Kd8 13. Nxa8 Nf4 14. g3 Nh3+ 15.
Kh1 Qxe4 16. Bb6+ Kc8 17. Nc7 Bg4 18. Bd5 Qf5 19. Qe2 Bxf3+ 20. Bxf3 Qe5 21.
Bg4+ Nd7 22. Qxe5 dxe5 23. Bxh3 Bd6 24. Nd5 Re8 25. Rfd1 e4 26. Bd4 f6 27. Ne3
g5 28. Bxf6 Kc7 29. Rd4 Nxf6 30. Rc4+ Kb6 31. Nf5 Bc5 32. Rf1 h5 33. b4 Bf8 34.
a4 g4 35. Bg2 Re5 36. Ne3 Re8 37. a5+ Kb5 38. Rb1 Bh6 39. Bf1 Bxe3 40. Rc3+ Ka4
41. Rxe3 Nd5 42. Reb3 Nxb4 43. Rxb4+ Kxa5 44. Rxb7 Re6 45. Ra1# 1-0

[Event "AUTO-INT-3961"]
[Site "http://www.queenalice.com/game.php?id=1869694"]
[Date "2026.2.24"]
[Round "1"]
[White "Kn1ght1962"]
[Black "kuntakinte"]
[Result "1-0"]
[WhiteElo "1650"]
[BlackElo "1751"]

1. e4 e5 2. Nf3 d6 3. h3 Nf6 4. d3 Be7 5. a3 O-O 6. Bd2 Nc6 7. Bc3 a6 8. d4 exd4
9. Nxd4 Nxe4 10. Bd3 d5 11. Nxc6 bxc6 12. Bd4 c5 13. Be3 c6 14. Nc3 Qa5 15. Bxe4
dxe4 16. Bd2 Qc7 17. Nxe4 Qe5 18. f3 Qxb2 19. Bc3 Qb6 20. O-O Bf5 21. Rb1 Qc7
22. Qe1 Be6 23. f4 Bc4 24. Rf3 Bb5 25. Rd1 Ba4 26. Qg3 g6 27. Nf6+ Bxf6 28. Bxf6
Bxc2 29. Qg5 Bxd1 30. Qh6 Bxf3 31. Qg7# 1-0

[Event "AUTO-INT-3961"]
[Site "http://www.queenalice.com/game.php?id=1869707"]
[Date "2026.2.24"]
[Round "1"]
[White "Kn1ght1962"]
[Black "game"]
[Result "1-0"]
[WhiteElo "1679"]
[BlackElo "1680"]

1. e4 e5 2. Nf3 Nc6 3. a3 d6 4. h3 Nf6 5. d3 d5 6. exd5 Nxd5 7. Be2 Nf4 8. Bxf4
Bd6 9. Bg5 f6 10. Bh4 Nd4 11. Nxd4 exd4 12. Bh5+ g6 13. Bf3 g5 14. Bg3 Be6 15.
Bxb7 Rb8 16. Bc6+ Bd7 17. Qh5+ Ke7 18. Bd5 Rxb2 19. Qf7# 1-0

[Event "AUTO-INT-3961"]
[Site "http://www.queenalice.com/game.php?id=1869708"]
[Date "2026.2.24"]
[Round "1"]
[White "game"]
[Black "Kn1ght1962"]
[Result "1-0"]
[WhiteElo "1673"]
[BlackElo "1719"]

1. d4 d5 2. Nf3 h6 3. e4 dxe4 4. Ne5 Qd5 5. c3 Nc6 6. Bc4 Qa5 7. Bxf7+ Kd8 8.
Bg6 Nf6 9. Nf7+ Kd7 10. Nxh8 Nd8 11. Nf7 Nxf7 12. Bxf7 Kc6 13. Bd2 Bg4 14. Qc2
Bf5 15. c4 e3 16. Bxa5 Bxc2 17. fxe3 Rd8 18. Nc3 Bf5 19. O-O Bd3 20. Rf4 Kd7 21.
Nb5 e6 22. d5 Bxc4 23. Bxe6+ Ke7 24. Rxc4 Nxd5 25. Re4 Kf6 26. Rf1+ Kg6 27. Bg8
Nf6 28. Re6 Bc5 29. Rf3 b6 30. Rg3+ Kf5 31. Rf3+ Kg5 32. Re5+ Kg6 33. Rg3+ 1-0

[Event "AUTO-INT-3961"]
[Site "http://www.queenalice.com/game.php?id=1869709"]
[Date "2026.2.24"]
[Round "1"]
[White "Kn1ght1962"]
[Black "zubarev"]
[Result "0-1"]
[WhiteElo "1727"]
[BlackElo "1968"]

1. e4 e5 2. Nf3 Nc6 3. a3 Be7 4. h3 Nf6 5. d3 d6 6. Nc3 Be6 7. Be3 O-O 8. Be2 d5
9. exd5 Nxd5 10. Qd2 f5 11. Nxd5 Bxd5 12. d4 exd4 13. Nxd4 Nxd4 14. Bxd4 Bxg2
15. Rg1 Bf6 16. c3 Bd5 17. Qh6 Qd6 18. Bxf6 Qxf6 19. Qd2 Rad8 20. O-O-O Bb3 21.
Bc4+ Bxc4 22. Qf4 Rxd1+ 23. Rxd1 Bb3 24. Rg1 Qe6 25. Qh4 Qe2 26. Rxg7+ Kxg7 27.
Qg5+ Kh8 28. Qd2 Qxd2+ 29. Kxd2 Re8 30. f4 Kg7 31. c4 Bxc4 32. Kc3 Re3+ 33. Kxc4
Rxh3 34. b4 Rxa3 35. b5 h5 36. Kb4 h4 37. Kxa3 h3 38. Ka4 h2 39. Ka5 h1=R 40.
Kb4 Rf1 41. Kc5 Rxf4 42. Kd5 Re4 0-1

[Event "AUTO-INT-3961"]
[Site "http://www.queenalice.com/game.php?id=1869710"]
[Date "2026.2.24"]
[Round "1"]
[White "zubarev"]
[Black "Kn1ght1962"]
[Result "1-0"]
[WhiteElo "1953"]
[BlackElo "1742"]

1. d4 d5 2. Nf3 h6 3. Nc3 e6 4. e3 Nc6 5. Bb5 Bd7 6. Bxc6 Bxc6 7. Ne5 Ne7 8. O-O
f6 9. Nd3 b6 10. Qh5+ Kd7 11. Re1 Kc8 12. Bd2 Be8 13. Qe2 Bc6 14. Nf4 g5 15. Nd3
Ng6 16. f4 gxf4 17. Nxf4 Nxf4 18. exf4 Bd7 19. Qh5 f5 20. a4 a5 21. Nb5 Bxb5 22.
axb5 Qd7 23. Qg6 Kb7 24. Qxe6 Qxb5 25. Qxf5 Bg7 26. Qg6 Bxd4+ 27. Kh1 Rag8 28.
Qd3 Qc5 29. c3 Bf2 30. Reb1 Qc6 31. Qf3 Bc5 32. b4 axb4 33. cxb4 Bd6 34. Qd3 Kc8
35. Rc1 Qd7 36. Ra8+ Kb7 37. Qa6# 1-0

[Event "AUTO-ADV-4921"]
[Site "http://www.queenalice.com/game.php?id=1869802"]
[Date "2026.2.26"]
[Round "1"]
[White "oniwa"]
[Black "Kn1ght1962"]
[Result "1-0"]
[WhiteElo "2000"]
[BlackElo "1692"]

1. e4 e5 2. Nf3 d6 3. Bc4 Qf6 4. d3 h6 5. Nc3 Nc6 6. Nd5 Qg6 7. Nxc7+ Kd8 8.
Nxa8 Qxg2 9. Rg1 Qh3 10. Bxf7 Nf6 11. Be3 Bg4 12. Rg3 Bxf3 13. Qxf3 Qxh2 14.
O-O-O Nb4 15. Rh1 Nxa2+ 16. Kb1 Qxh1+ 17. Qxh1 Nb4 18. Bxa7 d5 19. Bb6+ Ke7 20.
Bxd5 Nc6 21. Qh3 Nd8 22. Bxd8+ Kxd8 23. Nb6 g5 24. Qc8+ Ke7 25. Qe6+ Kd8 26.
Qxf6+ 1-0

[Event "AUTO-ADV-4921"]
[Site "http://www.queenalice.com/game.php?id=1869816"]
[Date "2026.2.26"]
[Round "1"]
[White "zubarev"]
[Black "Kn1ght1962"]
[Result "0-1"]
[WhiteElo "1980"]
[BlackElo "1715"]

1. e4 e5 2. f4 exf4 3. Nf3 a6 4. d4 Qf6 5. Bd3 d6 6. O-O Nc6 7. Nc3 Nxd4 8. Kh1
Bd7 9. Nxd4 Qxd4 10. Bxf4 h6 11. Qf3 Nf6 12. Rad1 Bg4 13. Qf2 Qxf2 14. Rxf2 Bxd1
15. Nxd1 O-O-O 16. Nc3 c6 17. e5 Ng4 18. Bf5+ Kb8 19. Bxg4 Re8 20. exd6 Re1+ 0-1

[Event "AUTO-ADV-4921"]
[Site "http://www.queenalice.com/game.php?id=1869817"]
[Date "2026.2.26"]
[Round "1"]
[White "Kn1ght1962"]
[Black "zubarev"]
[Result "0-1"]
[WhiteElo "1734"]
[BlackElo "1961"]

1. e4 e5 2. Nf3 Nc6 3. a3 Nf6 4. d3 d6 5. h3 Nd4 6. Nxd4 exd4 7. Nd2 Be6 8. Nf3
Be7 9. Nxd4 Bd7 10. Be3 O-O 11. Qd2 Ne8 12. O-O-O c5 13. Nf3 f5 14. e5 d5 15. d4
c4 16. Qc3 f4 17. Bd2 a5 18. g3 fxg3 19. fxg3 b5 20. Qe3 b4 21. a4 Bxa4 22. Be2
c3 23. bxc3 b3 24. Kb2 bxc2 25. Rc1 Qb6+ 26. Ka1 Qb3 27. Rxc2 Qxc2 28. Rb1 Bb3
29. Rb2 Qf5 30. g4 Qd7 31. Kb1 a4 32. Be1 Qb7 33. Kc1 Ba3 34. Qd2 Nc7 35. Bd3
Rxf3 36. Qe2 Bxb2+ 37. Kd2 Rxh3 38. Qf2 Rf8 39. Qg2 Rff3 40. g5 Rxd3+ 0-1

[Event "AUTO-ADV-4921"]
[Site "http://www.queenalice.com/game.php?id=1869826"]
[Date "2026.2.26"]
[Round "1"]
[White "Kn1ght1962"]
[Black "mvson33"]
[Result "1-0"]
[WhiteElo "1669"]
[BlackElo "1845"]

1. e4 c6 2. h3 d5 3. exd5 cxd5 4. d4 Nf6 5. f3 g6 6. Nc3 Bg7 7. Be3 O-O 8. Bd3
Nc6 9. a3 Bd7 10. Nge2 Rc8 11. Qd2 a6 12. Ng3 Na5 13. Nge2 Nc6 14. O-O-O Qc7 15.
Rdg1 e6 16. g4 h6 17. Bxh6 Qb6 18. h4 Qc7 19. h5 Rfd8 20. hxg6 fxg6 21. Bxg7
Kxg7 22. Qh6+ Kf7 23. Qxg6+ Ke7 24. g5 Ne8 25. Rh7+ Kd6 26. Qh6 Ne7 27. g6 Nf6
28. Qf4+ Kc6 29. Qxf6 1-0

[Event "AUTO-ADV-4921"]
[Site "http://www.queenalice.com/game.php?id=1869827"]
[Date "2026.2.26"]
[Round "1"]
[White "mvson33"]
[Black "Kn1ght1962"]
[Result "1-0"]
[WhiteElo "1848"]
[BlackElo "1698"]

1. e4 e5 2. Nf3 d6 3. Bc4 Qf6 4. O-O Qg6 5. Kh1 a6 6. d3 h6 7. Nc3 Nf6 8. Bd2 h5
9. Ng5 Be7 10. Bxf7+ Qxf7 11. Nxf7 Kxf7 12. Bg5 Ng4 13. Bxe7 Kxe7 14. f4 Ne3 15.
Qe2 Nxf1 16. Rxf1 Nc6 17. fxe5 Nxe5 18. Qf2 Bd7 19. d4 Rhf8 20. Qe2 Ng4 21. h3
Nf6 22. e5 dxe5 23. Qxe5+ Kd8 24. Kg1 Kc8 25. Qe7 Re8 26. Qxg7 Rg8 27. Qxf6 Bxh3
28. Rf2 Kb8 29. Qf7 Ka7 30. Kh2 Bg4 31. Qxc7 Rac8 32. Qa5 h4 33. Nb5+ Kb8 34.
Nd6 Rcd8 35. Qb6 Rd7 36. Rf7 Rxf7 37. Nxf7 Rc8 38. Nd6 Rc7 39. Ne8 Rxc2 40. Qg6
Rc8 41. Qxg4 Rxe8 42. Qxh4 a5 43. g4 Re2+ 44. Kg3 Rxb2 45. Qd8+ Ka7 46. Qxa5+
Kb8 47. d5 Rb1 48. d6 Rd1 49. Qc7+ Ka7 50. d7 Ka8 51. d8=Q+ Rxd8 52. Qxd8+ 1-0

[Event "AUTO-OPEN-4641"]
[Site "http://www.queenalice.com/game.php?id=1869901"]
[Date "2026.2.27"]
[Round "1"]
[White "chessman"]
[Black "Kn1ght1962"]
[Result "1-0"]
[WhiteElo "2155"]
[BlackElo "1688"]

1. e4 e5 2. Nf3 d6 3. d4 exd4 4. Nxd4 a6 5. Nc3 c6 6. Be2 Nf6 7. O-O h6 8. Bf3
Nbd7 9. Re1 Ne5 10. Bf4 Nxf3+ 11. Qxf3 Be7 12. e5 dxe5 13. Bxe5 O-O 14. Nf5 Re8
15. Rad1 Qb6 16. Bxf6 Bxf5 17. Qxf5 Bxf6 18. Ne4 Re6 19. b3 Rae8 20. Nxf6+ gxf6
21. Rxe6 Rxe6 22. c4 Qd4 23. Qf3 Rd6 24. Rxd4 Rxd4 25. h3 c5 26. Qxf6 h5 27.
Qg5+ Kf8 28. Qxc5+ 1-0

[Event "AUTO-OPEN-4641"]
[Site "http://www.queenalice.com/game.php?id=1869902"]
[Date "2026.2.27"]
[Round "1"]
[White "Kn1ght1962"]
[Black "bmax"]
[Result "0-1"]
[WhiteElo "1673"]
[BlackElo "2286"]

1. e4 c6 2. h3 d5 3. exd5 cxd5 4. d4 Nc6 5. Be3 Bf5 6. c3 e6 7. a3 Bd6 8. Nf3
Nf6 9. Nbd2 O-O 10. c4 Bc7 11. c5 b6 12. b4 bxc5 13. bxc5 Ne4 14. Nxe4 dxe4 15.
Ne5 Nxe5 16. dxe5 Bxe5 17. Ra2 Qa5+ 18. Qd2 Bc3 19. Be2 Bxd2+ 20. Bxd2 Qxc5 21.
O-O Rab8 22. Be3 Qd5 23. Bxa7 Ra8 24. Rb2 Rxa7 25. Rfb1 e3 26. Rb8 Bxb1 27. Rxb1
Qd2 28. Bh5 g6 0-1

[Event "AUTO-OPEN-4641"]
[Site "http://www.queenalice.com/game.php?id=1869903"]
[Date "2026.2.27"]
[Round "1"]
[White "bmax"]
[Black "Kn1ght1962"]
[Result "1-0"]
[WhiteElo "2288"]
[BlackElo "1671"]

1. d4 d5 2. Nf3 h6 3. e3 a6 4. Bd3 Nc6 5. b3 f6 6. Bb2 e6 7. O-O Bd6 8. Bg6+ Ke7
9. c4 dxc4 10. bxc4 Qf8 11. c5 Bxh2+ 12. Nxh2 f5 13. d5 Qd8 14. dxc6 bxc6 15.
Qxd8+ Kxd8 16. Rd1+ Bd7 17. Bxg7 Ne7 18. Bxh8 Nxg6 19. Bf6+ Kc8 20. Nc3 e5 21.
Rab1 e4 22. f3 exf3 23. Nxf3 a5 24. Rd4 a4 25. Nxa4 Nf8 26. Rdb4 Be6 27. a3 Bd5
28. Nd4 Kd7 29. Rb8 Rxa4 30. Rd8# 1-0

[Event "AUTO-OPEN-4641"]
[Site "http://www.queenalice.com/game.php?id=1869904"]
[Date "2026.2.27"]
[Round "1"]
[White "Kn1ght1962"]
[Black "Capixaba789"]
[Result "0-1"]
[WhiteElo "1707"]
[BlackElo "1829"]

1. e4 e5 2. a3 Nf6 3. d3 Be7 4. h3 c5 5. Nf3 Nc6 6. Be3 O-O 7. Nc3 d6 8. Nd5 Be6
9. Nxf6+ Bxf6 10. Be2 Nd4 11. c3 Nxe2 12. Qxe2 b5 13. b4 a5 14. bxc5 dxc5 15.
O-O c4 16. dxc4 Bxc4 17. Qc2 Bxf1 18. Rxf1 Re8 19. Rd1 Qc8 20. h4 b4 21. Qb3
Qxc3 22. Qd5 b3 23. Ng5 Bxg5 24. hxg5 a4 25. Bc1 Qc2 26. Qd7 b2 27. Bxb2 Qxb2
28. Qf5 Qxa3 29. f3 Qe3+ 30. Kh2 a3 31. Rd7 Rf8 32. Qxe5 a2 33. Rd1 Rfb8 34. Qd5
Qb3 35. Qd7 a1=Q 36. g6 hxg6 37. Rd6 Rd8 38. Qxd8+ Rxd8 39. Rxd8+ Kh7 40. f4 Qf6
41. g3 Qa2+ 42. Kh3 Qxd8 43. e5 Qf2 44. Kg4 f5+ 45. Kh3 Qd3 46. e6 Qdxg3# 0-1

[Event "AUTO-OPEN-4641"]
[Site "http://www.queenalice.com/game.php?id=1869905"]
[Date "2026.2.27"]
[Round "1"]
[White "Capixaba789"]
[Black "Kn1ght1962"]
[Result "0-1"]
[WhiteElo "1799"]
[BlackElo "1695"]

1. d4 d5 2. e3 a6 3. f4 Bf5 4. Nf3 f6 5. Be2 e6 6. O-O Be4 7. c3 Ne7 8. Nbd2 f5
9. Nxe4 fxe4 10. Ne5 Nbc6 11. Bh5+ g6 12. Qg4 Nxe5 13. fxe5 gxh5 14. Qxe6 Rg8
15. Qf7+ Kd7 16. Bd2 Kc8 17. Qxh5 Rg7 18. Be1 Ng6 19. Bg3 Kb8 20. Rac1 Ka7 21.
c4 Rc8 22. c5 c6 23. Qd1 Qg5 24. Qb3 Nh4 25. Rf4 Nf3+ 26. Kh1 Nxh2 27. Rg1 Qxg3
0-1

[Event "AUTO-OPEN-4648"]
[Site "http://www.queenalice.com/game.php?id=1871984"]
[Date "2026.4.15"]
[Round "1"]
[White "Kn1ght1962"]
[Black "mvson33"]
[Result "1-0"]
[WhiteElo "1686"]
[BlackElo "1828"]

1. e4 c6 2. a3 d5 3. exd5 cxd5 4. d4 Nc6 5. Nf3 g6 6. h3 Bg7 7. Be3 Nf6 8. Nc3
O-O 9. Bd3 Bd7 10. Qd2 e6 11. O-O-O Rc8 12. g4 Ne4 13. Nxe4 dxe4 14. Bxe4 Qe7
15. h4 Rc7 16. h5 Bh8 17. h6 Rfc8 18. Bf4 e5 19. dxe5 Rd8 20. Rhe1 Rcc8 21. Bg5
1-0

[Event "AUTO-INT-3954"]
[Site "http://www.queenalice.com/game.php?id=1872205"]
[Date "2026.4.19"]
[Round "2"]
[White "game"]
[Black "Kn1ght1962"]
[Result "1-0"]
[WhiteElo "1640"]
[BlackElo "1688"]

1. e4 e5 2. Nf3 d6 3. Bc4 Qf6 4. d4 Qg6 5. Ng5 h6 6. Bxf7+ Ke7 7. Bxg6 Nf6 8.
dxe5 dxe5 9. O-O hxg5 10. Bxg5 Nd7 11. Bxf6+ Nxf6 12. Nc3 Bd7 13. Nd5+ Nxd5 14.
Qxd5 Be6 15. Qc5+ Kf6 16. Qxc7 Kxg6 17. Qxe5 Re8 18. f4 Kf7 19. f5 Bc4 20. Qf4
Bxf1 21. Rxf1 Be7 22. Qc7 Rhf8 23. c4 Kg8 24. a4 b6 25. Qxa7 Bc5+ 26. Kh1 Rxe4
27. b3 Rxf5 28. Qa8+ Rf8 29. Rxf8+ Bxf8 30. Qxe4 1-0

[Event "AUTO-INT-3954"]
[Site "http://www.queenalice.com/game.php?id=1872207"]
[Date "2026.4.19"]
[Round "2"]
[White "kuntakinte"]
[Black "Kn1ght1962"]
[Result "0-1"]
[WhiteElo "1763"]
[BlackElo "1708"]

1. e4 e5 2. Nf3 d6 3. d4 exd4 4. Nxd4 a6 5. c4 h6 6. Be2 Nf6 7. Nc3 c5 8. Nf3
Nc6 9. O-O Be7 10. Qc2 Be6 11. Rd1 Qc7 12. Bf4 Rd8 13. a3 Qd7 14. e5 Bf5 15. Qc1
Ne4 16. exd6 Nxd6 17. Qe3 O-O 18. Qxc5 Qe6 19. Qe3 Qg6 20. b4 Rfe8 21. Qc1 Bf6
22. Bxd6 Bh3 23. g3 Bxc3 24. Nh4 Qf6 25. Ra2 Nd4 26. Bd3 Nf3+ 27. Kh1 Nxh4 28.
gxh4 Qf3+ 29. Kg1 Qg2# 0-1